| 000 | 01099nam a2200349 i 4500 | ||
|---|---|---|---|
| 001 | 51804 | ||
| 003 | KOSZ 005 | ||
| 005 | 20220316075843.0 | ||
| 008 | 060606s2005 pl f f |000 0 pol | ||
| 020 | _a8301140798 | ||
| 040 |
_cKOSZ 005 _aKOSZ 005 _dKOSZ 005/HR |
||
| 080 | _a582.4 | ||
| 080 | _a630.16 | ||
| 080 | _a635.9 | ||
| 080 | _a(075.8) | ||
| 100 | 1 |
_aSeneta, Włodzimierz _d(1923-2003) _eAutor |
|
| 245 | 1 | 0 |
_aDendrologia / _cWłodzimierz Seneta, Jakub Dolatowski. |
| 250 | _aWyd. 3 popr. i uzup. | ||
| 260 |
_aWarszawa : _bWydawnictwo Naukowe PWN, _c2005. |
||
| 300 |
_a558 s., [32] s. tab. : _bfot., rys. ; _c24 cm. |
||
| 380 | _aKsiążki | ||
| 388 | _a1901-2000 | ||
| 388 | _a2001- | ||
| 504 | _aBibliogr. - Indeksy. | ||
| 650 | 4 | _aDendrologia | |
| 655 | 4 | _aPodręczniki akademickie | |
| 658 | _aBiologia | ||
| 700 | 1 |
_aDolatowski, Jakub _d(1953- ) _eAutor |
|
| 710 | 2 |
_aWydawnictwo Naukowe PWN _4pbl. |
|
| 856 |
_uhttp://koha.tu.koszalin.pl/cgi-bin/koha/opac-detail.pl?biblionumber=51804 _yKatalog online BPK |
||
| 942 |
_cKS _2UKD |
||
| 999 |
_c51804 _d51804 |
||